000 00378nam a2200145Ia 4500
008 230312s9999||||xx |||||||||||||| ||und||
082 _a004
_bSIN-C
100 _aP.K. Sinha
245 0 _aComputer Fundamentals
260 _bPirated ed.
_c1990
300 _a241
546 _aEng.
650 _aComputer
_vBasic computer Organization, number system, Boolean algebra
942 _cBK
999 _c3409
_d3409